Précis de chimie; T2 Chimie minérale

Đã lưu trong:
Bibliografiske detaljer
Hovedforfatter: Raymond Quelet
Format: Bog
Sprog:Undetermined
Udgivet: Paris Presses Univ. de France 1960
Fag:
Tags: Tilføj Tag
Ingen Tags, Vær først til at tagge denne postø!
Thư viện lưu trữ: Trung tâm Học liệu Trường Đại học Cần Thơ
LEADER 00509nam a2200193Ia 4500
001 CTU_2720
008 210402s9999 xx 000 0 und d
082 |a 540 
082 |b Q3/T2 
100 |a Raymond Quelet 
245 0 |a Précis de chimie; T2 
245 0 |b Chimie minérale 
245 0 |c Raymond Quelet 
260 |a Paris 
260 |b Presses Univ. de France 
260 |c 1960 
650 |a chemistry, inorganic 
904 |i Minh, 960829 
980 |a Trung tâm Học liệu Trường Đại học Cần Thơ